000 00771nam a2200205Ia 4500
003 GCL
008 140319s9999 xx 000 0 ara d
040 _aGCL /
_cGCL
082 0 4 _a720.9
_bش ل
100 1 _aشيرين احسان شيرزاد
245 1 0 _aلمحات من تاريخ العمارة والحركات المعمارية وروادها /
_cشيرين احسان شيرزاد
250 _aالثانية
260 _aبيروت :
_bالمؤسسة العربية للدراسات والنشر ،
_c2002
300 _a166 ص ؛
_c24 سم
650 0 4 _aالعمارة الاسلامية
650 0 4 _aالعمارة المصرية القديمة
650 0 4 _aالعمارة القديمة
650 0 4 _aالعمارة - تاريخ
942 _2ddc
_cBK
999 _c6458
_d6458